LEADER 06566nam 2200517 450 001 9910556882603321 005 20221110081717.0 010 $a3-030-91523-9 035 $a(MiAaPQ)EBC6938772 035 $a(Au-PeEL)EBL6938772 035 $a(CKB)21419811100041 035 $a(PPN)261520482 035 $a(EXLCZ)9921419811100041 100 $a20221110d2022 uy 0 101 0 $aeng 135 $aurcnu|||||||| 181 $ctxt$2rdacontent 182 $cc$2rdamedia 183 $acr$2rdacarrier 200 00$aClinical cases in neonatal and infant dermatology /$fFabio Arcangeli and Torello M. Lotti, editors 210 1$aCham, Switzerland :$cSpringer,$d[2022] 210 4$d©2022 215 $a1 online resource (168 pages) 225 1 $aClinical cases in dermatology 300 $aIncludes index. 311 08$aPrint version: Arcangeli, Fabio Clinical Cases in Neonatal and Infant Dermatology Cham : Springer International Publishing AG,c2022 9783030915223 327 $aIntro -- Contents -- Chapter 1: 1-Year-Old Male with Erythema, Scales and ?tching -- Based on the Case Description and Photograph, What ?s Your Diagnosis? -- Diagnosis -- Discussion -- References -- Chapter 2: A 1-Year-Old Boy with Multiple Papules -- Based on the Case Description and the Photographs, What Is Your Diagnosis? -- Diagnosis -- Discussion -- References -- Chapter 3: A 2-Year-Old Girl with Erythema on the Face, Trunk and Arms, Associated with Fever, Conjuntivitis and Nasal Discharge -- Based on the Case Description and the Photograph Which Is Your Diagnosis? -- Diagnosis -- Discussion -- References -- Chapter 4: A 2-Year-Old Girl with Erythroderma -- Based on the Case Description and the Photograph, What Is Your Diagnosis? -- Diagnosis -- Discussion -- References -- Chapter 5: A Case of High Risk Multisystem Langerhans Cell Histiocytosis in 22-Month-Old Boy -- Discussion -- References -- Chapter 6: A Case of Lamellar Ichthyosis in 2-Year-Old Boy with History of Collodion Baby -- Discussion -- References -- Chapter 7: A Newborn with a Large Facial Segmental Vascular Lesion -- Diagnosis -- Discussion -- References -- Chapter 8: A Newborn with Several White Spots on the Forehead -- Diagnosis -- Discussion -- References -- Chapter 9: A One-and-a-Half-Month-Old Boy with Recurrent Fever, Heat Intolerance and Diminished Sweating -- Diagnosis -- Discussion -- References -- Chapter 10: A Red Nodule on the Cheek -- Discussion -- References -- Chapter 11: Acrodermatitis Enteropathica in a 7-Month-Old Baby Boy -- Discussion -- References -- Chapter 12: An 11-Month-Old Child with a Nodular Lesion on Her Right Buttock -- Based on the Case Description and the Photographs, Which Is Your Diagnosis? -- Diagnosis -- Discussion -- Differential Diagnosis -- References -- Chapter 13: An Annular Facial Erythema in a 2-Year-Old Girl. 327 $aBased on the Case Description and the Photograph, What Is Your Diagnosis? -- Diagnosis -- Discussions -- References -- Chapter 14: An Eczematous Lesion on the Forehead of a 3-Month-Old Child -- Based on the Case Description and the Photographs, Which Is Your Diagnosis? -- Diagnosis -- Discussion -- Differential Diagnosis -- References -- Chapter 15: An Infant with Disseminated Red Scaling Papules -- Based on the Case Description and the Photograph, What Is Your Diagnosis? -- Diagnosis -- Discussion -- References -- Chapter 16: An Infant with Generalized Pimples and Nodules -- Based on the Case Description and the Photograph, What Is Your Diagnosis? -- Diagnosis -- Discussion -- References -- Chapter 17: Asymptomatic Skin Colored Nodule of the Buttocks -- Case Presentation -- Based on the Case Description, Clinical and Dermoscopic Photographs, What Is Your Diagnosis? -- Diagnosis -- Discussion -- References -- Chapter 18: Axillary Dermatitis in a Newborn -- Based on the Case Description and the Photographs Which Is Your Diagnosis? -- Diagnosis -- Discussion -- References -- Chapter 19: Baby Girl with Widespread Lesions on the Face and Alopecic Nodules of the Scalp -- Based on the Case Descriptions and Photographs, What Is Your Diagnosis? -- Diagnosis -- Discussion -- References -- Chapter 20: Benign Cephalic Histiocytosis -- Discussion -- References -- Chapter 21: Congenital Skin Scars -- Diagnosis -- Discussion -- References -- Chapter 22: Cryotherapy Treatment in Infantile Hemangioma: A Case Report -- Discussion -- References -- Chapter 23: Epidermolytic Ichthyosis -- Discussion -- References -- Chapter 24: Incontinentia Pigmenti with Ocular Involvement -- Diagnosis -- Discussion -- References -- Chapter 25: Infantile Erythroderma Caused by Focal Infection -- Discussion -- References. 327 $aChapter 26: Infantile Hemangioma: Successful Treatment with Topical Treatment -- Discussion -- References -- Chapter 27: Infantile Type Atopic Dermatitis -- Discussion -- References -- Chapter 28: Juvenile Xanthogranuloma -- Discussion -- References -- Chapter 29: Kasabach-Merritt Syndrome -- Discussion -- References -- Chapter 30: Oral Isotretinoin Treatment of Harlequin Ichthyosis -- Discussion -- References -- Chapter 31: Oral Propranolol Treatment for Infantile Hemangioma: A Case Report -- Discussion -- References -- Chapter 32: Perianal Dermatitis -- Based on the Case Description and the Photographs Which Is Your Diagnosis? -- Diagnosis -- Discussion -- Differential Diagnosis -- References -- Chapter 33: Staphylococcal Scalded Skin Syndrome -- Discussion -- References -- Chapter 34: Subcutaneous Indurated Plaques in a Newborn -- Clinical Story -- Based on the Case Description and the Photographs, What Is Your Diagnosis? -- Discussion -- References -- Chapter 35: Vesicles on the Tongue of a 3-Months-Old Baby -- Case Presentation -- Based on the Case Description and the Photographs, What Is Your Diagnosis? -- Diagnosis -- Discussion [1-3] -- References -- Index. 410 0$aClinical cases in dermatology. 606 $aPediatric dermatology 606 $aInfants$xDiseases 606 $aInfants 615 0$aPediatric dermatology. 615 0$aInfants$xDiseases. 615 0$aInfants. 676 $a618.925 702 $aArcangeli$b F$g(Fabio), 702 $aLotti$b T. M$g(Torello M.),$f1953- 801 0$bMiAaPQ 801 1$bMiAaPQ 801 2$bMiAaPQ 906 $aBOOK 912 $a9910556882603321 996 $aClinical cases in neonatal and infant dermatology$92978528 997 $aUNINA LEADER 02405nam0 22003971i 450 001 UON00288035 005 20241209030346.723 100 $a20070212g19521953 |0itac50 ba 101 $aspa 102 $aES 105 $a|||| 1|||| 200 1 $aBiblioteca de traductores españoles$f[Marcelino Menéndez y Pelayo]$gedición preparada por Enrique Sánchez Reyes 210 $aSantander$cConsejo Superior de Investigaciones Científicas$d1952-1953 215 $a4 v.$d22 cm. 410 1$1001UON00177412$12001 $aEdicion Nacional de las Obras Completas de Menéndez Pelayo$1210 $aMadrid$cConsejo Superior de Investigaciones cientificas.$v54-57 606 $aBIBLIOGRAFIA SPAGNOLA$xSec. 16.-20.$3UONC062483$2FI 606 $aTRADUTTORI$xSpagna$xBibliografia$3UONC061922$2FI 606 $aTRADUTTORI$xSpagna$xBibliografie$xCataloghi$3UONC062364$2FI 606 $aTRADUTTORI$xSpagna$xBiografia$3UONC062067$2FI 606 $aTRADUTTORI$xSpagna$xBiografie$xCataloghi$3UONC062457$2FI 620 $dSantander$3UONL002979 676 $a860$cLetteratura spagnola$v21 676 $a016.860$cBibliografie e cataloghi della letteratura spagnola.$v21 700 1$aMenéndez y Pelayo$bMarcelino$3UONV078168$0394120 702 1$aSANCHEZ REYES$bEnrique$3UONV135159 712 $aAldus Artes Gráficas$3UONV268079$4650 712 $aConsejo Superior de Investigaciones Cientificas $3UONV002511$4650 801 $aIT$bSOL$c20241213$gRICA 912 $aUON00288035 950 $aSIBA - SISTEMA BIBLIOTECARIO DI ATENEO$dSI S.C II A 10 c $eSI MR 57213 7 10 c 950 $aSIBA - SISTEMA BIBLIOTECARIO DI ATENEO$dSI S.C II A 10 a $eSI MR 38754 7 10 a 950 $aSIBA - SISTEMA BIBLIOTECARIO DI ATENEO$dSI S.C II A 10 b $eSI MR 38754/1 7 10 b 950 $aSIBA - SISTEMA BIBLIOTECARIO DI ATENEO$dSI S.C II A 10 d $eSI MR 57213/1 7 10 d 950 $aSIBA - SISTEMA BIBLIOTECARIO DI ATENEO$dSI SPA III 0830 a-d $eSI SP 1989 5 0830 a-d 996 $aBiblioteca de traductores españoles$9209343 997 $aUNIOR